01772nam a2200385Ii 4500001001300000003000800013006001900021007001500040008004100055020001800096020001800114020001500132035002100147040002600168050002200194100002300216245035600239264014000595300004200735336002600777337002600803338003600829490002000865504006400885600003900949600005800988655002201046700004201068700002901110700003401139700003901173700003101212830007101243856007201314DIGUAM02144 NyNyDIGm o d cr |||||||||||130201s2011 sp a ob 001 0 spa d z9788492432585 z9788483441954 z8492432586 a(OCoLC)843456893 aDGITAbengepncDGITA14aPQ6647.A514 eBook1 aZambrano, María.10aDe ley y de corazón :bhistoria espistolar de una amistad: María Zambrano Alarcón--Pablo de Andrés Cobos : cartas (1957-1976) /cpresentación, Emilio Lledó ; edición y prólogo, Soledad de Andrés Castellanos y José Luis Mora García ; estudio "Pablo de Andrés : biografía de un maestro machadiano" por Fernando Hermida de Blas. 1aSegovia :bCaja Segovia, Obra Social y Cultural ;aMadrid :bServicio de Publicaciones de la Universidad Autónoma de Madrid,cc2011.  a1 online resource (354 pages) :bill. atextbtxt2rdacontent acomputerbc2rdamedia aonline resourcebcr2rdacarrier0 aEstudios ;v144 aIncludes bibliographical references (p. 343-354) and index.10aZambrano, MaríavCorrespondence.10aAndrés Cobos, Pablo de,d1899-1973vCorrespondence. 0aElectronic books.1 aAndrés Cobos, Pablo de,d1899-1973.1 aLledó Iñigo, Emilio.1 aAndrés, María Soledad de.1 aMora, José Luisq(Mora García)1 aHermida de Blas, Fernando. 0aColección de estudios (Universidad Autónoma de Madrid) ;v144.403Digitalia Hispánicauhttps://www.digitaliapublishing.com/a/12896/